Kniga 42 issledovanija i materialy
Gespeichert in:
| Format: | Buch |
|---|---|
| Sprache: | Russisch |
| Veröffentlicht: |
Moskva
Kniga
1981
|
| Tags: |
Keine Tags, Fügen Sie das erste Tag hinzu!
|
MARC
| LEADER | 00000nam a2200000 4500 | ||
|---|---|---|---|
| 001 | c128383 | ||
| 005 | 20240827111306.2 | ||
| 041 | 0 | |a rus | |
| 044 | |a RU | ||
| 245 | 1 | 0 | |a Kniga 42 |b issledovanija i materialy |
| 264 | 1 | |a Moskva |b Kniga |c 1981 | |
| 300 | |a 252 s. | ||